banner-ar

معجم مصطلحات الجغرافيا الطبية و الخدمات الصحية / (Record no. 60580)

MARC details
000 -الفاتح
حقل البيانات ثابتة الطول 00637nam a22001697a 4500
005 - وقت وتاريخ اخر تعامل مع التسجيلة
رقم الضبط 20240530110417.0
008 - عناصر البيانات ثابتة الطول - معلومات عامة
حقل البيانات ثابتة الطول 150308s2010 ua f 000 0 ara d
040 ## - مصدر الفهرسة
وكالة الفهرسة الأصلية EG-CaGPL
082 04 - رقم تصنيف ديوى العشرى
رقم الطبعة 21
رقم التصنيف 614.42\
رقم المادة م م
100 0# - المدخل الرئيسى - إسم شخصى
الإسم الشخصى محمد مدحت جابر عبدالجليل
245 10 - بيان العنوان
العنوان معجم مصطلحات الجغرافيا الطبية و الخدمات الصحية /
بيان المسئوليه,etc محمد مدحت جابر عبدالجليل
260 ## - PUBLICATION, DISTRIBUTION, ETC. (IMPRINT)
تاريخ النشر أو التوزيع 2010
300 ## - الوصف المادى
التعداد 414 ص ؛
أبعاد الوعاء 24 سم
650 04 - المدخل الاضافى بالموضوع-مصطلح موضوعى
مصطلح موضوعي الطب
التقسيم الفرعي الشكلي معاجم
650 04 - المدخل الاضافى بالموضوع-مصطلح موضوعى
مصطلح موضوعي الطب
التقسيم الفرعي العام مصطلحات
942 ## - عناصر المدخل الإضافي( كوها)
مصدر التصنيف او مخطط الترفيف Dewey Decimal Classification
Koha [default] item type كتاب
260 ## - PUBLICATION, DISTRIBUTION, ETC. (IMPRINT)
-- الاسكندرية :
-- دار المعرفة الجامعية ،
Holdings
حالة التراجع حالة الفقد حالة تلف ليس للاعارة المكان المؤقت الموقع الحالى تاريخ الاكتساب اجمالي اﻻعارات رقم الطلب الباركود تاريخ اخر مشاهدة تاريخ تفعيل السعر نوع وعاء كوها
        مكتبة القاهرة الكبرى مكتبة القاهرة الكبرى 03/08/2015   614.42\ م م 159676 03/08/2015 03/08/2015 كتاب

Powered By

EGPV